| 000 | 01055nam a2200241 a 4500 | ||
|---|---|---|---|
| 001 | 39185 | ||
| 003 | BD-RjUL | ||
| 005 | 20211209052933.0 | ||
| 008 | 160405s2007 bg ||||e b||| 000 0 ben d | ||
| 020 |
_a9847000000279 _c: Tk.200.00 |
||
| 035 | _a(BD-RjUL)39297 | ||
| 040 |
_aBD-RjUL _bben _cBD-RjUL |
||
| 041 | _aben | ||
| 082 |
_223 _a891.4409 _bHAA 2007 |
||
| 100 |
_aহাবিব, রহমান _9120724 |
||
| 245 | 4 | 0 |
_aআধুনিক বাংলা কবিতা, কথাসাহিত্য ও ভাষাবিজ্ঞানে লোকসংস্কৃতি / _cহাবিব রহমান |
| 260 |
_aঢাকা : _bজাতীয় সাহিত্য প্রকাশ, _c২০০৭. |
||
| 300 |
_a২০৩ পৃ. ; _c২১ সেমি. |
||
| 504 | _aগ্রন্থপঞ্জি সংযুক্ত । | ||
| 650 |
_aবাংলা সাহিত্য _9120858 _vইতিহাস ও সমালোচনা |
||
| 650 |
_aBengali Literature _9120874 _vHistory and criticism |
||
| 942 |
_2ddc _cBK |
||
| 999 |
_c39185 _d39185 |
||